مكتبة جامعة عجلون الوطنية

فهرس بحث المكتبة

Normal view MARC view
  • النبهاني، يوسف بن إسماعيل ؛ ضبط وتصحيح ومراجعة عبد الوارث محمد علي

Entry Personal Name

Number of records used in: 1

001 - CONTROL NUMBER

  • control field: 56481

003 - CONTROL NUMBER IDENTIFIER

  • control field: JO-AjAnu

005 - DATE AND TIME OF LATEST TRANSACTION

  • control field: 20230606083245.0

008 - FIXED-LENGTH DATA ELEMENTS

  • fixed length control field: 230606|| aca||aabn | a|a d

040 ## - CATALOGING SOURCE

  • Original cataloging agency: JO-AjAnu
  • Transcribing agency: JO-AjAnu

100 ## - HEADING--PERSONAL NAME

  • Personal name: النبهاني، يوسف بن إسماعيل ؛ ضبط وتصحيح ومراجعة عبد الوارث محمد علي

670 ## - SOURCE DATA FOUND

  • Source citation: Work cat.: (JO-AjAnu)28821: النبهاني، يوسف بن إسماعيل ؛ ضبط وتصحيح ومراجعة عبد الوارث محمد علي, author, سعادة الدارين في الصلاة على سيد الكونين صلى الله عليه وسلم ومعه السابقات الجياد في مدح سيد العباد